| Tag |
First Indicator |
Second Indicator |
Subfields |
| LEADER |
00000pam a2200000 a 4500 |
| 001 |
in00000050947 |
| 005 |
20151007080049.0 |
| 008 |
810108s1981 nyua j 00011 engm |
| 010 |
|
|
|a 80029664
|
| 020 |
|
|
|a 0878881824 :
|c $7.95
|
| 035 |
|
|
|a (OCoLC)07196796
|
| 035 |
|
|
|9 AAF4207AM
|
| 039 |
0 |
|
|a 2
|b 3
|c 3
|d 3
|e 3
|
| 040 |
|
|
|a DLC
|c DLC
|d m.c.
|d TXA
|d UtOrBLW
|
| 049 |
|
|
|a [Curr Col] TXAM
|c 1 [1362404],2 [1362405]
|
| 050 |
0 |
0 |
|a PZ7 B6265
|b On 1981
|
| 082 |
0 |
|
|a [E]
|2 19
|
| 100 |
1 |
|
|a Blume, Judy.
|
| 245 |
1 |
4 |
|a The one in the middle is the green kangaroo /
|c by Judy Blume ; illustrated by Amy Aitken.
|
| 264 |
|
1 |
|a Scarsdale, N.Y. :
|b Bradbury Press,
|c [1981]
|
| 264 |
|
4 |
|c ©1981
|
| 300 |
|
|
|a 39 pages :
|b color illustrations ;
|c 24 cm.
|
| 336 |
|
|
|a text
|b txt
|2 rdacontent
|
| 337 |
|
|
|a unmediated
|b n
|2 rdamedia
|
| 338 |
|
|
|a volume
|b nc
|2 rdacarrier
|
| 520 |
|
|
|a Freddy hates being the middle one in the family until he gets a part in the school play.
|
| 650 |
|
0 |
|a Families
|v Fiction.
|
| 650 |
|
0 |
|a Brothers and sisters
|v Fiction.
|
| 700 |
1 |
|
|a Aitken, Amy.
|
| 999 |
|
|
|a MARS
|
| 999 |
f |
f |
|s 856b77f8-d19b-34a7-939b-026ff9f960dd
|i b12cadfd-b056-3770-aef1-f666a3970e18
|t 0
|
| 952 |
f |
f |
|p ric
|a Texas A&M University
|b Rellis Campus
|c Joint Library Facility
|d Remote Storage
|t 0
|e PZ7 B6265 On 1981
|h Library of Congress classification
|i unmediated -- volume
|m A14805946907
|
| 952 |
f |
f |
|p normal
|a Texas A&M University
|b College Station
|c Sterling C. Evans Library
|d Evans: Curriculum Collection (4th floor)
|t 0
|e PZ7 B6265 On 1981
|h Library of Congress classification
|i unmediated -- volume
|m A14805946915
|
| 998 |
f |
f |
|a PZ7 B6265 On 1981
|t 0
|l Evans: Curriculum Collection (4th floor)
|
| 998 |
f |
f |
|a PZ7 B6265 On 1981
|t 0
|l Remote Storage
|